000 00767nam a2200253 a 4500
001 71962
003 BD-RjUL
005 20211209082207.0
008 170511s2006 e a|||| |||| 001 0 eng d
020 _a0333937198
035 _a(BD-RjUL)72178
040 _aBD-RjUL
_beng
_cBD-RjUL
_dBD-RjUL
041 _aeng
082 _223
_a658.8954
_bRAM 2006
100 _aRamaswamy, V S
_9212842
245 _aMarketing Management :
_bPlanning,Implementation & Control /
_cV S Ramaswamy; S Namakumari
250 _a3rd ed.
260 _aDelhi :
_b Macmillan,
_cc2002 [Reprinted 2006]
300 _axxxv, 746 p. :
_bill. ;
_c28 cm.
500 _aIncludes Index.
650 _aMarketing
_x Management
_zIndia
_9212843
700 _a Namakumari, S
_9212844
942 _2ddc
_cBK
999 _c71962
_d71962